000 01673nam0a22003371 4500
001 v19\rc\1536933
005 20260405125751.0
035 _a(NLR Aleph) 004682822
090 _a3830587
_c3830587
100 _a20060620e18881888|||y0rusy50 ca
101 0 _arus
102 _aRU
105 _ay z |||||
200 1 _aСтарец Елеазарова монастыря Филофей и его Послание к царю и великому князю Ивану Васильевичу
_fВ. Малинин
210 _aКиев
_cтип. Г.Т. Корчак-Новицкого
_d1888
215 _a[2], 55 с.
_d23
311 _aОтт. из журн. "Тр. Киев. духов. акад." за м. май 1888 г.
320 _aБиблиогр. в примеч.
488 0 _12001#$aТруды Киевской духовной академии$v1888, май
_tТруды Киевской духовной академии
604 _150010$aПослание к царю и великому князю Ивану Васильевичу
_1700#0$aФилофей$cстарец$f16 в.
_tПослание к царю и великому князю Ивану Васильевичу
_aФилофей (старец ; 16 в.)
700 1 _8rus
_7ca
_aМалинин
_bВ. Н.
_f1849-1927
_gВасилий Николаевич
_3RU\NLR\AUTH\7751029
_933963
702 0 _aИван
_cцарь
_dIV Грозный
_f1530-1584
_4570
801 0 _aRU
_bNLR
_gpsbo
801 0 _aRU
_bRuMoRGB
_2psbo
801 1 _aRU
_bProSoft-M
_2rusmarc
852 _aNLR
_j18.276.2.321
899 _aRuMoRGB
_jA 152/139
899 _aБАН
899 _aНБ СПбГУ
942 _cBOOK
980 _aNB